000 00699nam a22002292 4500
001 0000005295
005 20151217152000.0
008 070611s xx 000 0 eng d
020 _a1844800571 :
_cKES 5,039
040 _aKABU
_cKABU
050 0 _aTS156
_b.B37
100 1 _aBasu, Ron.
_@0000156502
245 1 0 _aImplementing quality :
_ba practical guide to tools and techniques.
260 _aLondon :
_bThomson,
_c2004.
300 _axxiv, 311 p.
650 0 _aQuality control.
_@0000155182
650 0 _aProduction management.
_@0000155181
908 _a070611
950 _@1
999 _c6980
_d6980